000 00582nam a2200133Ia 4500
008 220616s9999||||xx |||||||||||||| ||und||
100 _aArends, Jacques
245 0 _aLanguage and Slavery
_bA social and linguistic history of the Suriname creoles (Volume 52)
546 _aEnglish[eng]
650 _aLanguage Arts & Disciplines||Linguistics||Historical & Comparative||Language Arts & Disciplines||Linguistics||Technology & Engineering||Agriculture
700 _aCremers, Crit
856 _uhttps://library.oapen.org/bitstream/20.500.12657/46547/1/external_content.pdf
942 _cEB
999 _c20636
_d20636